| 000 | 00944cam a2200277 a 4500 | ||
|---|---|---|---|
| 001 | 12175122 | ||
| 003 | ARRUPE | ||
| 005 | 20240708110159.0 | ||
| 008 | 000608s1999 ke ab b 000 0 eng | ||
| 010 | _a 00283655 | ||
| 020 | _a996621450X | ||
| 035 | _a(DLC) 00283655 | ||
| 040 |
_aDLC _cDLC _dDLC |
||
| 042 | _alcode | ||
| 050 | 0 | 0 |
_aBS192.3.A1 1999 _bN35 |
| 082 | 0 | 0 |
_a220.5/2054 _221 |
| 130 | 0 |
_aBible. _lEnglish. _sNew American. _f1999. _941664 |
|
| 245 | 1 | 4 |
_aThe African Bible : _bBiblical text of the New American Bible. |
| 260 |
_aNairobi, Kenya : _bPaulines Publications Africa, _c1999. |
||
| 300 |
_a2176 p. : _bill., maps ; _c22 cm. |
||
| 504 | _aIncludes bibliographical references. | ||
| 630 | 0 | 0 |
_aBible _vReference editions. _941665 |
| 906 |
_a7 _bcbc _corigode _d2 _encip _f20 _gy-gencatlg |
||
| 942 |
_2lcc _cMONOGRAPH |
||
| 999 |
_c127990 _d127990 |
||